Microeconomía y conducta (Registro nro. 9)

Detalles MARC
000 -LEADER
fixed length control field 01327 a2200241 4500
001 - CONTROL NUMBER
control field 11
005 - DATE AND TIME OF LATEST TRANSACTION
control field 20260407155401.0
008 - FIXED-LENGTH DATA ELEMENTS--GENERAL INFORMATION
fixed length control field 260407a1996 arg spa d
003 - CONTROL NUMBER IDENTIFIER
control field AR-UNSa-BCEJYS
040 ## - CATALOGING SOURCE
Original cataloging agency AR-UNSa-BCEJYS
Language of cataloging spa
Transcribing agency AR-UNSa-BCEJYS
080 ## - UNIVERSAL DECIMAL CLASSIFICATION NUMBER
Universal Decimal Classification number 330.101.542
Common auxiliary subdivision Microeconomía
020 ## - INTERNATIONAL STANDARD BOOK NUMBER
International Standard Book Number 978-84-7615-840-1
100 1# - MAIN ENTRY--PERSONAL NAME
Personal name Frank, Robert H.
245 10 - TITLE STATEMENT
Title Microeconomía y conducta
250 ## - EDITION STATEMENT
Edition statement 1a. ed.
264 #1 - PRODUCTION, PUBLICATION, DISTRIBUTION, MANUFACTURE, AND COPYRIGHT NOTICE
Place of production, publication, distribution, manufacture Madrid :
Name of producer, publisher, distributor, manufacturer McGraw-Hill
Date of production, publication, distribution, manufacture, or copyright notice 1996
300 ## - PHYSICAL DESCRIPTION
Extent xxvi, 796 p.
Dimensions 24 cm
505 ## - FORMATTED CONTENTS NOTE
Formatted contents note 1. Pensar como un economista - 2. La oferta y la demanda - 3. La elección racional del consumidor - 4. La demanda del consumidor - 5. La demanda del mercado - 6. La elección intertemporal y la elección en condiciones de incertidumbre - 7. ¿Más allá del egoismo? - 8. Limitaciones cognoscitivas y conducta del consumidor - 9. La producción - 10. Los costes - 11. La competencia perfecta - 12. El monopolio - 13. La competencia monopolística - 14. El oligopolio - 15. El trabajo - 16. La economía de la información - 17. El capital - 18. El equilibrio general y la eficiencia del mercado - 19. Las externalidades, los derechos de propiedad y el teorema de Coase - 20. El estado
590 ## - LOCAL NOTE (RLIN)
Local note niveau_biblio:m niveau_hierar:0
700 1# - ADDED ENTRY--PERSONAL NAME
Personal name Toharia Cortés, Luis
700 1# - ADDED ENTRY--PERSONAL NAME
Personal name Rabasco, María Esther
942 ## - ADDED ENTRY ELEMENTS (KOHA)
Koha item type
Existencias
Withdrawn status Lost status Damaged status Not for loan Home library Current library Shelving location Date acquired Total checkouts Full call number Barcode Date last seen Price effective from Koha item type
        Biblioteca Prof. Eusebio Cleto del Rey Biblioteca Prof. Eusebio Cleto del Rey   07/04/2026   330.101.542 F828 L69634 07/04/2026 07/04/2026 Libro
        Biblioteca Prof. Eusebio Cleto del Rey Biblioteca Prof. Eusebio Cleto del Rey   07/04/2026   330.101.542 F828 L69635 07/04/2026 07/04/2026 Libro
        Biblioteca Prof. Eusebio Cleto del Rey Biblioteca Prof. Eusebio Cleto del Rey   07/04/2026   330.101.542 F828 L69636 07/04/2026 07/04/2026 Libro
        Biblioteca Prof. Eusebio Cleto del Rey Biblioteca Prof. Eusebio Cleto del Rey   07/04/2026   330.101.542 F828 L69637 07/04/2026 07/04/2026 Libro
        Biblioteca Prof. Eusebio Cleto del Rey Biblioteca Prof. Eusebio Cleto del Rey   07/04/2026   330.101.542 F828 L126990 07/04/2026 07/04/2026 Libro